3-Word '70s Movies Quiz Stats

Quiz Updated May 21, 2016

Also try: 3-Word '80s Movies
Challenge
Share
Tweet
Score 0/25 Timer 04:00
0 Plays Today
% Correct
Kramer
97.2%
A
96.9%
Escape
95.9%
Saturday
94.4%
Diamonds
93.8%
Bedknobs
92.9%
The
91%
Dog
88.3%
Heaven
84.7%
Sunday
82.5%
All
81.8%
Life
80.8%
The
80%
% Correct
Enter
79.9%
Don't
74%
Up
72.6%
High
72%
Zombie
71.5%
Five
71.2%
Time
68.9%
F
63.7%
Harry
61.5%
Death
55.3%
Murder
44.9%
Day
29.4%

You're not logged in!

Compare scores with friends on all Sporcle quizzes.
Join for Free
OR
Log In

You Might Also Like...

Show Comments

Extras

Top Quizzes Today


Score Distribution

Your Account Isn't Verified!

In order to create a playlist on Sporcle, you need to verify the email address you used during registration. Go to your Sporcle Settings to finish the process.

Report this User

Report this user for behavior that violates our Community Guidelines.

Details: